000 00404nam a2200157Ia 4500
008 131103s9999 xx 000 0 und d
040 _aLoreto College
041 _aEnglish
082 _a913/OUT
_bLCBED/9546
245 3 _aAn outline of American Geography
260 _aU.S.A.
_b[s.n.]
_c[19?]
300 _a132p.
_b pic.
_c 22cm.
650 _aWorld Geography
850 _aLCBED/913/OUT
942 _cBK
999 _c29329
_d79808